Chính sách thuế của nhà nước trong tiến trình hội nhập

Zapisane w:
Opis bibliograficzny
1. autor: Lê Văn Ái
Format: Książka
Język:Undetermined
Wydane: H. Tài Chính 2002
Hasła przedmiotowe:
Etykiety: Dodaj etykietę
Nie ma etykietki, Dołącz pierwszą etykiete!
Thư viện lưu trữ: Trung tâm Học liệu Trường Đại học Cần Thơ
LEADER 00668nam a2200205Ia 4500
001 CTU_54488
008 210402s9999 xx 000 0 und d
020 |b 25000 
082 |a 339.525 
082 |b A103 
100 |a Lê Văn Ái 
245 0 |a Chính sách thuế của nhà nước trong tiến trình hội nhập 
245 0 |c Lê Văn Ái, Đỗ Đức Minh và Nguyễn Mai Phương 
260 |a H. 
260 |b Tài Chính 
260 |c 2002 
650 |a taxation,macroeconomics,vietnam 
650 |x developing countries,economic aspects 
650 |z vietnam 
980 |a Trung tâm Học liệu Trường Đại học Cần Thơ